| 000 | 00449cam a22001337a 4500 | ||
|---|---|---|---|
| 008 | 180718b1958 xxu||||| |||| 00| 0 eng d | ||
| 082 | _aB135x7613 H736 | ||
| 100 | _aHolmes, Lowell D. | ||
| 245 |
_aTA'U: stability and change in a samoan village _cby Lowell D. Holmes |
||
| 260 |
_aWellington _bPolynesian Society Incorporated _c1958 |
||
| 300 | _aix, 87p | ||
| 650 | _aCultural Stability and Cultural Change. | ||
| 650 | _aContemporary Manu'an Culture | ||
| 999 |
_c418440 _d418440 |
||